| 000 | 00000nas 2200000zi 4500 |
| 001 | 9.873069 |
| 003 | CaOODSP |
| 005 | 20221107163818 |
| 006 | m o d f |
| 007 | cr ||||||||||| |
| 008 | 190516d19932015oncar p o f0###a0eng|d |
| 022 | # |y1482-0498 |
| 040 | |aCaOODSP|beng|erda|cCaOODSP |
| 043 | |an-cn--- |
| 086 | 1 |aC1E-PDF |zC1-1997|zIu1E-PDF |
| 110 | 1 |aCanada. |bIndustry Canada. |
| 245 | 10|aIndustry Canada annual report. |
| 264 | 1|a[Ottawa] : |bIndustry Canada, |c1993-2015. |
| 310 | |aAnnual |
| 336 | |atext|btxt|2rdacontent |
| 337 | |acomputer|bc|2rdamedia |
| 338 | |aonline resource|bcr|2rdacarrier |
| 362 | 1 |aBegan with 1992/93; ceased with 2014/2015? |
| 500 | |aIssued also in French under title: Industrie Canada rapport annuel |
| 500 | |aDigitized edition from print [produced by Innovation, Science and Economic Development Canada]. |
| 692 | 07|2gccst|aIndustries |
| 692 | 07|2gccst|aCommerce |
| 775 | 08|tIndustrie Canada rapport annuel.|w(CaOODSP)9.873070 |
| 780 | 00|tDRIE and MOSST annual report.|w(CaOODSP)9.872124 |